000 00984caa a22002417a 4500
999 _c408719
_d408719
001 122384
003 UA-OsUOA
005 20191027130827.0
007 ta
008 20170425b un ||||| |||| 00| 0 ukr d
040 _aUA-OsUOA
_bukr
_cUA-OsUOA
_dUA-OsUOA
041 _aukr
080 _a908
090 _a908
_bК90
100 _aКулаковський П. М.
245 _aОстріг і Острозька волость XVI–XVII ст. в документах Литовської та Руської (Волинської) метрик
_cП. М. Кулаковський
300 _aС. 117-120
650 7 _a908 Краєзнавство
_2UDC
773 0 _0331088
_9355474
_dОстрог 1996
_o104077
_tМатеріали 6-ої Острізької конференції "Остріг на порозі 900-річчя" 1995 рік
_w(UA-OsUOA) 44978
942 _cBKA
_2udc
955 _a1